000 00498nam a2200181 4500
003 SEACOMMC
005 20250425112727.0
008 241118b |||||||| |||| 00| 0 eng d
020 _a 81-7446-498-0
_cRs.295.00
040 _aSEACOMMC
082 _a 658.301
_bB 575
100 _aBhattacharyya, Dipak Kumar
245 1 _aHuman Resource Planning
_cDipak Kumar Bhattacharyya
250 _a2nd ed.
260 _a New Delhi
_b Excel Book
_c 2006
650 _a Business Administration
942 _cBOOK
999 _c760
_d760